000 00450nam a2200181Ia 4500
003 OSt
005 20260108105154.0
008 210210b1954 xxu||||| |||| 00| 0 eng d
040 _cAL
041 _aKannada
082 _a859/1198
100 _aBIJJALA
_9146421
_dಬಿಜ್ಜಳ
245 _aTirada sala:
_bತೀರದ ಸಾಲ
260 _aBengaluru
_b-
_c1954
690 _aKannada Fiction
_9146422
906 _a021941
942 _2ddc
_cBK
999 _c146047
_d146047